000 00696nam a2200289Ia 4500
005 20260324135117.0
008 008 260324s9999 xx 000 0 eng d
020 _a9781315185934
037 _aEBOOK
040 _aCRL
040 _beng
040 _cCRL
041 _2eng
041 _aeng
084 _qCRL
100 _aIngrid Thompson-Cooper
_91199375
245 0 _aChild Welfare Professionals and Incest Families
245 2 _bA Difficult Encounter
260 _bTaylor and Francis
260 _c2001
365 _a
365 _b205
856 _uhttp://www.taylorfrancis.com/books/9781315185934
942 _cEBOOK
999 _c1800116
_d1800116